000 00326nam a22001457a 4500
008 221130b ||||| |||| 00| 0 eng d
020 _a9780133975802
041 _aeng
080 _a611
082 _a611 WHI
100 _a10
101 _aANAT
245 _aHUMAN ANATOMY PHYSIOLOGY
_cWHITING CATHARINE
942 _2udc
_cBK
999 _c59043
_d59043